Billie Eilish - goodbye lyrics - Statistics

General Stats
  • This quiz has been taken 212 times
  • The average score is 59 of 67
Answer Stats
Answer % Correct
do
99%
I
99%
me
98%
me
98%
me?
98%
Don't
97%
Don't
97%
Don't
97%
don't
97%
the
97%
the
97%
the
97%
to
97%
to
97%
to
97%
a
96%
go
96%
good
96%
good
96%
good
96%
you
96%
you
96%
you
96%
you?
96%
I'm
94%
I'm
94%
no
93%
Please
91%
please
91%
bad
90%
girls
90%
guy
90%
it
90%
leave
90%
want
90%
all
89%
for
89%
know
89%
What
89%
What
89%
from
88%
Hell
88%
so
88%
not
87%
not
87%
Take
87%
Told
84%
ask
83%
feel
83%
questions
83%
rooftop
83%
worry
83%
Baby
81%
It's
81%
my
81%
my
81%
is
80%
true
79%
Wait
79%
minute
78%
about
77%
Bite
76%
them?
76%
tongue
75%
time
73%
And
67%
bide
67%
No matching quizzes found
Score Distribution
Percent of People with Each Score
Percentile by Number Answered
Your Score History
You have not taken this quiz